[Event "CAN-ch University"]
[Site "Ottawa"]
[Date "2018.01.13"]
[Round "3"]
[White "Yao, Houji"]
[Black "Zhang, Jikai"]
[Result "1-0"]
[WhiteElo "2096"]
[BlackElo "2200"]
[PlyCount "67"]
[EventDate "2018.01.13"]
[EventType "swiss"]
[EventRounds "5"]
[EventCountry "CAN"]
[SourceTitle "EXT 2022"]
[Source "ChessBase"]
[SourceDate "2021.10.06"]
[SourceVersion "1"]
[SourceVersionDate "2021.10.06"]
[SourceQuality "1"]

1. e4 c5 2. Nf3 e6 3. d4 cxd4 4. Nxd4 a6 5. Bd3 Qc7 6. 0-0 Nc6 7. Be3 Nf6 8. Qe2 b5 9. Nd2 Bb7 10. Rac1 h5 11. h3 Bd6 12. c4 b4 13. c5 Bh2+ 14. Kh1 Ng4 15. Nxc6 Bxc6 16. Nc4 d5 17. cxd6 Bxd6 18. Bb6 Qb8 19. Nxd6+ Qxd6 20. f4 e5 21. Bc5 Qh6 22. Bxa6 exf4 23. Bxb4 Ne5 24. Bc3 Nd7 25. b4 Qe6 26. Rxf4 0-0 27. Bc4 Qg6 28. Rcf1 Nf6 29. Bxf6 gxf6 30. Rxf6 Qxe4 31. Rxf7 Rxf7 32. Qxe4 Bxe4 33. Rxf7 Kh8 34. Re7 1-0

[Event "Ottawa RA December op"]
[Site "Ottawa"]
[Date "2017.12.10"]
[Round "5"]
[White "Gordon, David"]
[Black "Zhang, Jikai"]
[Result "1/2-1/2"]
[WhiteElo "2291"]
[BlackElo "2039"]
[PlyCount "135"]
[EventDate "2017.12.08"]
[EventType "swiss"]
[EventRounds "5"]
[EventCountry "CAN"]
[SourceTitle "EXT 2022"]
[Source "ChessBase"]
[SourceDate "2021.10.06"]
[SourceVersion "1"]
[SourceVersionDate "2021.10.06"]
[SourceQuality "1"]

1. d4 d5 2. Bf4 e6 3. e3 Nf6 4. Nd2 c5 5. c3 Bd6 6. Bg3 0-0 7. Bd3 Nc6 8. Ngf3 Qe7 9. Ne5 cxd4 10. exd4 Nd7 11. Qe2 Bxe5 12. dxe5 f5 13. exf6 Qxf6 14. Qh5 g6 15. Qh4 e5 16. Qxf6 Nxf6 17. 0-0 Nh5 18. Rfe1 Nxg3 19. hxg3 Bf5 20. Bb5 Rfe8 21. Nf3 e4 22. Nd4 Nxd4 23. cxd4 Rec8 24. Rec1 Kf7 25. Kf1 Ke6 26. Ke2 a6 27. Ba4 Rc4 28. Rxc4 dxc4 29. Ke3 Kd5 30. Rh1 h5 31. Bd1 b5 32. Rh4 b4 33. g4 hxg4 34. Bxg4 c3 35. bxc3 bxc3 36. Bd1 Kc4 37. Bb3+ Kb4 38. g4 g5 39. Rh5 Bxg4 40. Rxg5 Bf3 41. Rc5 Rh8 42. Rc4+ Kb5 43. Rxc3 Rh3 44. Rc5+ Kb4 45. Rg5 a5 46. Rg3 Rh1 47. Rg8 Re1+ 48. Kf4 Rf1 49. Rb8+ Kc3 50. d5 Rxf2 51. Rc8+ Kb4 52. Rc2 Rf1 53. Rc4+ Kb5 54. a4+ Kb6 55. Rc6+ Kb7 56. Bc4 Rf2 57. Ba6+ Ka7 58. Bb5 Be2+ 59. Kxe4 Bxb5 60. axb5 Kb7 61. Ra6 Ra2 62. Ke5 a4 63. Kd6 a3 64. Kd7 Ra1 65. d6 a2 66. Ra3 Kb6 67. Kd8 Rd1 68. Rxa2 1/2-1/2

[Event "Ottawa RA Fall op"]
[Site "Ottawa"]
[Date "2017.09.29"]
[Round "1"]
[White "Zhang, Jikai"]
[Black "Marin, Sam"]
[Result "1/2-1/2"]
[WhiteElo "1978"]
[BlackElo "2027"]
[PlyCount "146"]
[EventDate "2017.09.29"]
[EventType "swiss"]
[EventRounds "5"]
[EventCountry "CAN"]
[SourceTitle "EXT 2022"]
[Source "ChessBase"]
[SourceDate "2021.10.06"]
[SourceVersion "1"]
[SourceVersionDate "2021.10.06"]
[SourceQuality "1"]

1. e4 e5 2. Nf3 Nc6 3. Bb5 Nf6 4. d3 d6 5. 0-0 Be7 6. h3 0-0 7. c3 a6 8. Ba4 b5 9. Bc2 Re8 10. Re1 h6 11. Be3 d5 12. Nbd2 d4 13. cxd4 exd4 14. Bf4 Nb4 15. a3 Nxc2 16. Qxc2 c5 17. Nb3 Qb6 18. Rac1 Nd7 19. Ne5 Nxe5 20. Bxe5 Bg5 21. Qxc5 Qe6 22. f4 Bxf4 23. Bxf4 Qxb3 24. Qxd4 Be6 25. Qc3 Rad8 26. d4 Qxc3 27. bxc3 Bc4 28. Kf2 Re6 29. d5 Re7 30. g4 Bd3 31. Kf3 f6 32. Rcd1 Bc4 33. d6 Re6 34. Rd4 Kf7 35. a4 g5 36. Bg3 Rd7 37. axb5 axb5 38. Ke3 Re8 39. Ra1 h5 40. Rd2 h4 41. Bh2 Ke6 42. Kd4 Rc8 43. e5 fxe5+ 44. Bxe5 Bf1 45. Rxf1 Rc4+ 46. Kd3 Kxe5 47. Rf5+ Ke6 48. Rxb5 Rxd6+ 49. Kxc4 Rxd2 50. Rxg5 Rh2 51. Rh5 Rxh3 52. Kb4 Rh1 53. c4 h3 54. Rh6+ Kd7 55. Kc5 h2 56. Rd6+ Ke7 57. Rd2 Kf6 58. Rc2 Kg6 59. Rf2 Kg5 60. Rg2 Kf4 61. g5 Kf3 62. g6 Kxg2 63. g7 Rg1 64. g8Q+ Kf3 65. Qd5+ Kg3 66. Qd3+ Kf2 67. Qd2+ Kg3 68. Qg5+ Kf3 69. Qh5+ Kg3 70. Qe5+ Kg2 71. Qe2+ Kg3 72. Qe3+ Kg2 73. Qg5+ Kf3 1/2-1/2